000 00499nam a2200169Ia 4500
005 20250326140852.0
008 250326s9999 xx 000 0 und d
037 _aTextbook
040 _aFMSL
_beng
_cFMSL
041 _aeng
_2eng
084 _aSIGMA:f N8
_qFMSL
100 _aFink A
_9743227
245 0 _aHow to conduct survey: Step-by-step guide
_cFink A; Kosecoff J
260 _aLondon
_bLondon, Sage publications
_c1997
942 _cTB
_hSIGMA:f N8
999 _c1287653
_d1287653